=LDR 00000nam 2200000 4500 =001 INLIS000000000029262 =005 20130612131517 =008 ***********************************Ind** =035 ##$$0010-061300000029262 =041 ##$$a Ind =082 ##$$a 741.6 =090 ##$$a 741.6, Jum k =100 ##$$a Jumanta =245 ##$$a Kaos media ekspresi diri di atas dada, Jumanta =850 ##$$a NBPNMAT